000 00346nam a2200097Ia 4500
008 220120s9999||||xx |||||||||||||| ||und||
100 _aMohammed Farooq, Abhinandan Gowda and Ramakrishna M.B
_912396
245 0 _aFair and to end bandwidth allocation algorithm
260 _aCoorg Institute of Technology
_bPonnampet
_c2012
650 _aCOMPUTER SCIENCE
999 _c137983
_d137983